<?xml version="1.0" encoding="UTF-8"?>
<record
    xmlns:xsi="http://www.w3.org/2001/XMLSchema-instance"
    xsi:schemaLocation="http://www.loc.gov/MARC21/slim http://www.loc.gov/standards/marcxml/schema/MARC21slim.xsd"
    xmlns="http://www.loc.gov/MARC21/slim">

  <leader>00848nam a22002417a 4500</leader>
  <controlfield tag="005">20260323155915.0</controlfield>
  <controlfield tag="008">260323b        |||||||| |||| 00| 0 eng d</controlfield>
  <datafield tag="020" ind1=" " ind2=" ">
    <subfield code="a">9789332518414</subfield>
  </datafield>
  <datafield tag="040" ind1=" " ind2=" ">
    <subfield code="c">AL</subfield>
  </datafield>
  <datafield tag="041" ind1=" " ind2=" ">
    <subfield code="a">English</subfield>
  </datafield>
  <datafield tag="082" ind1=" " ind2=" ">
    <subfield code="a">621.3822</subfield>
    <subfield code="b">JURS</subfield>
  </datafield>
  <datafield tag="100" ind1=" " ind2=" ">
    <subfield code="a">Daniel Jurafsky</subfield>
    <subfield code="9">259069</subfield>
  </datafield>
  <datafield tag="245" ind1=" " ind2=" ">
    <subfield code="a">Speech and language processing </subfield>
    <subfield code="b">: an introducation to natural language processing computational linguistics and speech recognition</subfield>
  </datafield>
  <datafield tag="250" ind1=" " ind2=" ">
    <subfield code="a">2.</subfield>
  </datafield>
  <datafield tag="260" ind1=" " ind2=" ">
    <subfield code="a">Noida</subfield>
    <subfield code="b">Pearson India Education Services Pvt Ltd</subfield>
    <subfield code="c">2025</subfield>
  </datafield>
  <datafield tag="300" ind1=" " ind2=" ">
    <subfield code="a">940p. </subfield>
    <subfield code="b">PB</subfield>
    <subfield code="c">25x20cm</subfield>
  </datafield>
  <datafield tag="365" ind1=" " ind2=" ">
    <subfield code="a">ABDI/0854/26</subfield>
    <subfield code="b">&#x20B9;1035.00</subfield>
    <subfield code="c">&#x20B9;</subfield>
    <subfield code="d">&#x20B9;1380.00</subfield>
    <subfield code="e">25%</subfield>
    <subfield code="f">19-02-2026</subfield>
  </datafield>
  <datafield tag="650" ind1=" " ind2=" ">
    <subfield code="a">Automatic speech recognition</subfield>
    <subfield code="9">258947</subfield>
  </datafield>
  <datafield tag="650" ind1=" " ind2=" ">
    <subfield code="a">Computational linguistics</subfield>
    <subfield code="9">259070</subfield>
  </datafield>
  <datafield tag="650" ind1=" " ind2=" ">
    <subfield code="a">Speech processing systems</subfield>
    <subfield code="9">259071</subfield>
  </datafield>
  <datafield tag="700" ind1=" " ind2=" ">
    <subfield code="a">Martin, James H</subfield>
    <subfield code="9">259072</subfield>
  </datafield>
  <datafield tag="942" ind1=" " ind2=" ">
    <subfield code="2">ddc</subfield>
    <subfield code="c">BK</subfield>
  </datafield>
  <datafield tag="999" ind1=" " ind2=" ">
    <subfield code="c">241035</subfield>
    <subfield code="d">241035</subfield>
  </datafield>
  <datafield tag="952" ind1=" " ind2=" ">
    <subfield code="0">0</subfield>
    <subfield code="1">0</subfield>
    <subfield code="2">ddc</subfield>
    <subfield code="4">0</subfield>
    <subfield code="7">0</subfield>
    <subfield code="8">CSE</subfield>
    <subfield code="a">SE</subfield>
    <subfield code="b">SE</subfield>
    <subfield code="d">2026-03-06</subfield>
    <subfield code="e">Academic Book Distributors, Bengaluru-562159</subfield>
    <subfield code="g">1035.00</subfield>
    <subfield code="l">0</subfield>
    <subfield code="o">621.3822 JURS</subfield>
    <subfield code="p">SE000284</subfield>
    <subfield code="r">2026-03-23 09:16:15</subfield>
    <subfield code="v">1380.00</subfield>
    <subfield code="w">2026-02-19</subfield>
    <subfield code="y">BK</subfield>
  </datafield>
  <datafield tag="952" ind1=" " ind2=" ">
    <subfield code="0">0</subfield>
    <subfield code="1">0</subfield>
    <subfield code="2">ddc</subfield>
    <subfield code="4">0</subfield>
    <subfield code="7">0</subfield>
    <subfield code="8">CSE</subfield>
    <subfield code="a">SE</subfield>
    <subfield code="b">SE</subfield>
    <subfield code="d">2026-03-06</subfield>
    <subfield code="e">Academic Book Distributors, Bengaluru-562159</subfield>
    <subfield code="g">1035.00</subfield>
    <subfield code="l">0</subfield>
    <subfield code="o">621.3822 JURS</subfield>
    <subfield code="p">SE000285</subfield>
    <subfield code="r">2026-03-23 09:16:15</subfield>
    <subfield code="v">1380.00</subfield>
    <subfield code="w">2026-02-19</subfield>
    <subfield code="y">BK</subfield>
  </datafield>
</record>
